Statistics for 部分热门国家/地区二位字母代码 Two-letter codes for some popular countries/region

Click here to take the quiz!

General Stats

  • This quiz has been taken 15 times
  • The average score is 20 of 28

Answer Stats

国家代码% Correct
巴西BR
93%
加拿大CA
93%
中国CN
93%
法国FR
93%
意大利IT
93%
日本JP
93%
古巴CU
87%
印度IN
87%
俄罗斯RU
87%
美国US
87%
阿根廷AR
80%
德国DE
80%
希腊GR
80%
新加坡SG
80%
比利时BE
73%
韩国KR
73%
荷兰NL
73%
越南VN
73%
葡萄牙PT
67%
西班牙ES
60%
阿联酋AE
53%
英国GB
53%
乌克兰UA
53%
马来西亚MY
47%
南极洲AQ
33%
朝鲜KP
33%
瑞士CH
27%
南非ZA
27%

Score Distribution

Percentile by Number Answered

Percent of People with Each Score

Your Score History

You have not taken this quiz